<?xml version="1.0" encoding="UTF-8"?>
<marc:record xmlns:marc="http://www.loc.gov/MARC21/slim">
   <marc:leader>00000nam a2200000 a 4500</marc:leader>
   <marc:datafield ind1="1" ind2=" " tag="100">
      <marc:subfield code="a">Gregory, Sebastian</marc:subfield>
   </marc:datafield>
   <marc:datafield ind1="1" ind2=" " tag="100">
      <marc:subfield code="a">Wallace, Toby</marc:subfield>
   </marc:datafield>
   <marc:datafield ind1="1" ind2=" " tag="100">
      <marc:subfield code="a">Irwin, Bindi</marc:subfield>
   </marc:datafield>
   <marc:datafield ind1="1" ind2=" " tag="100">
      <marc:subfield code="a">Lillard, Matthew</marc:subfield>
   </marc:datafield>
   <marc:datafield ind1="1" ind2=" " tag="100">
      <marc:subfield code="a">Mahler, Brendan</marc:subfield>
   </marc:datafield>
   <marc:datafield ind1="0" ind2="0" tag="245">
      <marc:subfield code="a">Die Rückkehr zur Insel der Abenteuer</marc:subfield>
   </marc:datafield>
   <marc:datafield ind1=" " ind2="1" tag="264">
      <marc:subfield code="b">Walden Media</marc:subfield>
      <marc:subfield code="c">2013</marc:subfield>
   </marc:datafield>
   <marc:datafield ind1="1" ind2=" " tag="490">
      <marc:subfield code="a">¬Die¬ Insel der Abenteuer</marc:subfield>
   </marc:datafield>
   <marc:datafield ind1="1" ind2=" " tag="520">
      <marc:subfield code="a">Die 14-jährige Nim (Bindi Irwin) liebt ihr Leben auf der abgelegenen Insel, auf der endlich wieder Ruhe eingekehrt ist. Als ihr Vater jedoch eine Art Öl-Quelle entdeckt, sind ihre Tage dort womöglich bald gezählt. Deshalb mobilisiert Nim ihre tierischen Freunde, um ihr Tropenparadies mit allen Mitteln zu verteidigen. Und ausgerechnet Edmund, ein Ausreißer vom Festland, der sich auf einem Schiff als blinder Passagier versteckt hat, muss ihr dabei helfen. Mit vereinten Kräften wollen die beiden ihr Paradies vor den Eindringlingen schützen.</marc:subfield>
   </marc:datafield>
</marc:record>
